000 00301nam a22001217a 4500
008 180221b xxu||||| |||| 00| 0 eng d
041 _aeng
080 _a34
100 _a14
101 _aJUR
245 _aANTITRUST LAW POLICY PROCEDURES CASES MATERIALS PROBLEMS
_cSULLIVAN/TH
942 _2udc
_cBK
999 _c43084
_d43084